00454nam a22001337a 4500082001500000100001900015245005000034260007100084300000800155650003500163942000700198952009800205999001700303 a954.61 YEP aYeptho,Anati K aThe Social Reality of the North East Migrants aBangalorebChristian Instutite for the Studay of Rigion and Socity a145 aNortheast-India Social Problem cBK 00104070aHMIbHMId2015-08-20g0.00l0o954.61 YEP C2p11-3279r2015-08-20w2026-01-16yBK c19648d19648